[Event "25th European Teams"]
[Site "Batumi GEO"]
[Date "2025.10.14"]
[Round "9.3"]
[Board "1"]
[White "Keymer, Vincent"]
[Black "Giri, Anish"]
[Result "1/2-1/2"]
[WhiteTitle "GM"]
[BlackTitle "GM"]
[WhiteElo "2755"]
[BlackElo "2759"]
[WhiteTeam "Germany"]
[BlackTeam "Netherlands"]
[WhiteFideId "12940690"]
[BlackFideId "24116068"]
[EventDate "2025.10.05"]

1. d4 Nf6 2. Nf3 d5 3. Bf4 Bf5 4. e3 e6 5. Nc3 Bd6 6. Ne5 h5 7. Bd3 Ne4 8. Nxe4
dxe4 9. Be2 h4 10. h3 Nd7 11. Nxd7 Qxd7 12. Bxd6 Qxd6 13. Qd2 O-O 14. O-O-O Rfd8
15. Qc3 Qe7 16. Kb1 Rd6 17. Qa3 Bg6 18. c4 Qf6 19. Rhf1 Qg5 20. Rg1 Qf6 21. Rgf1
Qg5 22. Rg1 Qf6 23. Rgf1 1/2-1/2

[Event "25th European Teams"]
[Site "Batumi GEO"]
[Date "2025.10.14"]
[Round "9.3"]
[Board "2"]
[White "Van Foreest, Jorden"]
[Black "Svane, Rasmus"]
[Result "1/2-1/2"]
[WhiteTitle "GM"]
[BlackTitle "GM"]
[WhiteElo "2697"]
[BlackElo "2614"]
[WhiteTeam "Netherlands"]
[BlackTeam "Germany"]
[WhiteFideId "1039784"]
[BlackFideId "4657101"]
[EventDate "2025.10.05"]

1. e4 e5 2. Nf3 Nc6 3. Bb5 Nf6 4. d3 Bc5 5. Bxc6 dxc6 6. Bd2 Qe7 7. Bc3 Bg4 8.
h3 Bxf3 9. Qxf3 Bb4 10. O-O O-O 11. Bd2 Nd7 12. Nc3 a5 13. a3 Bd6 14. Ne2 Nc5
15. Ng3 Ne6 16. Nf5 Qd7 17. Qg4 Kh8 18. f4 Rad8 19. Kh1 f6 20. Nxd6 Qxd6 21.
fxe5 Qxe5 22. Bxa5 Qxa5 23. Qxe6 Qb6 24. Rab1 Rde8 25. Qd7 Re5 26. b4 Rfe8 27.
a4 R5e7 28. Qf5 Re5 29. Qf2 Qa6 30. Ra1 b6 31. Rfb1 h6 32. Qd2 c5 33. a5 cxb4
34. axb6 Qxb6 35. Rxb4 Qd6 36. Qc3 f5 37. Rd4 Rc5 38. Qb4 Qe5 39. Qa4 Rf8 40.
exf5 Rxc2 41. Re4 Qb2 42. Rg1 Rc5 43. Re7 Rcxf5 44. Qe4 c5 1/2-1/2

[Event "25th European Teams"]
[Site "Batumi GEO"]
[Date "2025.10.14"]
[Round "9.3"]
[Board "3"]
[White "Bluebaum, Matthias"]
[Black "Van Wely, Loek"]
[Result "1-0"]
[WhiteTitle "GM"]
[BlackTitle "GM"]
[WhiteElo "2687"]
[BlackElo "2630"]
[WhiteTeam "Germany"]
[BlackTeam "Netherlands"]
[WhiteFideId "24651516"]
[BlackFideId "1000268"]
[EventDate "2025.10.05"]

1. d4 d5 2. c4 e6 3. Nc3 c6 4. e3 Nf6 5. Nf3 Nbd7 6. Qc2 Bd6 7. Be2 O-O 8. O-O
dxc4 9. a4 c5 10. Rd1 cxd4 11. Rxd4 Qe7 12. Nb5 Bc5 13. Rxc4 a6 14. Nbd4 g6 15.
e4 Bd6 16. a5 Ng4 17. Bg5 f6 18. Bh4 Nde5 19. Nxe5 Nxe5 20. Rc3 g5 21. Bg3 Kh8
22. Rd1 Rd8 23. h3 Rb8 24. Qb3 Bd7 25. Rcc1 h6 26. Bg4 Nxg4 27. Nf5 Ba4 28. Nxe7
Bxb3 29. Rxd6 Ne5 30. Rb6 Ba2 31. Bxe5 fxe5 32. Rc7 Rd1+ 33. Kh2 h5 34. Ng6+ Kg8
35. Nxe5 h4 36. Nd7 Rd8 37. Nf6+ Kf8 38. Rbxb7 1-0

[Event "25th European Teams"]
[Site "Batumi GEO"]
[Date "2025.10.14"]
[Round "9.3"]
[Board "4"]
[White "L'Ami, Erwin"]
[Black "Svane, Frederik"]
[Result "1/2-1/2"]
[WhiteTitle "GM"]
[BlackTitle "GM"]
[WhiteElo "2615"]
[BlackElo "2638"]
[WhiteTeam "Netherlands"]
[BlackTeam "Germany"]
[WhiteFideId "1007998"]
[BlackFideId "12923044"]
[EventDate "2025.10.05"]

1. d4 Nf6 2. c4 e6 3. Nf3 d5 4. g3 Bb4+ 5. Bd2 Bd6 6. Bg2 c6 7. Qc2 Nbd7 8. O-O
O-O 9. a4 a5 10. Bc3 Ne4 11. Nbd2 f5 12. e3 b6 13. Nxe4 dxe4 14. Nd2 Qc7 15. f3
exf3 16. Nxf3 Nf6 17. Rae1 Ne4 18. Nd2 Nxc3 19. bxc3 Bd7 20. e4 Rad8 21. Nf3 Kh8
22. Kh1 Bc8 23. exf5 exf5 24. Ne5 c5 25. Bd5 g6 26. Qd2 Kg7 27. Rf4 Rfe8 28. Rh4
Bxe5 29. Qh6+ Kf6 30. dxe5+ Rxe5 31. Rb1 Rde8 32. Qxh7 Re1+ 33. Rxe1 Rxe1+ 34.
Kg2 Qg7 35. Qh8 Qxh8 36. Rxh8 Bd7 37. Rf8+ Kg5 38. h4+ Kh6 39. Rf6 Bxa4 40. Rxb6
Be8 41. Ra6 a4 42. Kf2 Re7 43. Kf3 Re1 44. Kf4 Rf1+ 45. Ke5 Kh5 46. Kd6 Kg4 47.
Kxc5 Kxg3 48. Bc6 Bxc6 49. Rxc6 Kxh4 50. Rxg6 f4 51. Ra6 Ra1 52. Kb4 Rb1+ 53.
Ka3 f3 54. Rf6 Kg3 55. Rg6+ Kf4 56. Rf6+ Ke3 57. Re6+ Kd3 58. Rf6 Ke2 59. Re6+
Kd3 60. Rf6 Ke2 61. Re6+ Kd2 62. Rf6 Ke3 63. Re6+ Kf4 64. Rf6+ Kg3 65. Rg6+ Kf4
66. Rf6+ 1/2-1/2

[Event "25th European Teams"]
[Site "Batumi GEO"]
[Date "2025.10.14"]
[Round "9.4"]
[Board "1"]
[White "Rapport, Richard"]
[Black "Chigaev, Maksim"]
[Result "1-0"]
[WhiteTitle "GM"]
[BlackTitle "GM"]
[WhiteElo "2724"]
[BlackElo "2634"]
[WhiteTeam "Hungary"]
[BlackTeam "Spain"]
[WhiteFideId "738590"]
[BlackFideId "4108116"]
[EventDate "2025.10.05"]

1. e4 e5 2. Nf3 Nc6 3. Bb5 a6 4. Ba4 d6 5. O-O Bd7 6. c3 g5 7. Kh1 h5 8. d3 Bh6
9. Ng1 Qf6 10. c4 g4 11. Nc3 Nge7 12. Nd5 Nxd5 13. cxd5 Nd4 14. Bxd7+ Kxd7 15.
Be3 Rag8 16. Bxd4 exd4 17. f4 Kc8 18. Rc1 Kb8 19. Qc2 Rc8 20. Qb3 Ka7 21. Ne2 c5
22. dxc6 Rxc6 23. Rxc6 bxc6 24. Qa4 Bg7 25. Rc1 c5 26. Qd7+ Ka8 27. Qc6+ Ka7 28.
Qc7+ Ka8 29. Qb6 d5 30. Qxc5 dxe4 31. Qd5+ Kb8 32. Qb3+ Ka8 33. Rc7 1-0

[Event "25th European Teams"]
[Site "Batumi GEO"]
[Date "2025.10.14"]
[Round "9.4"]
[Board "2"]
[White "Anton Guijarro, David"]
[Black "Leko, Peter"]
[Result "1/2-1/2"]
[WhiteTitle "GM"]
[BlackTitle "GM"]
[WhiteElo "2631"]
[BlackElo "2666"]
[WhiteTeam "Spain"]
[BlackTeam "Hungary"]
[WhiteFideId "2285525"]
[BlackFideId "703303"]
[EventDate "2025.10.05"]

1. c4 c5 2. Nf3 Nf6 3. Nc3 Nc6 4. g3 d5 5. cxd5 Nxd5 6. Bg2 g6 7. h4 h6 8. d4
Bg7 9. O-O cxd4 10. Nxd4 Nxd4 11. Nxd5 Bh3 12. e4 Bxg2 13. Kxg2 e6 14. Be3 Nc6
15. Bc5 Rc8 16. Re1 Bxb2 17. Rb1 b6 18. Bxb6 axb6 19. Rxb2 exd5 20. exd5+ Kf8
21. dxc6 Qxd1 22. Rxd1 Rxc6 23. Rdb1 Kg7 24. Rxb6 Rxb6 25. Rxb6 Ra8 26. Rb2 Ra3
27. Kf1 h5 28. Ke2 f6 29. Rc2 g5 30. hxg5 fxg5 31. Kf1 Kg6 32. Kg2 1/2-1/2

[Event "25th European Teams"]
[Site "Batumi GEO"]
[Date "2025.10.14"]
[Round "9.4"]
[Board "3"]
[White "Banusz, Tamas"]
[Black "Yuffa, Daniil"]
[Result "0-1"]
[WhiteTitle "GM"]
[BlackTitle "GM"]
[WhiteElo "2588"]
[BlackElo "2621"]
[WhiteTeam "Hungary"]
[BlackTeam "Spain"]
[WhiteFideId "722413"]
[BlackFideId "24131423"]
[EventDate "2025.10.05"]

1. c4 g6 2. g3 Bg7 3. Bg2 Nf6 4. Nc3 O-O 5. d4 d6 6. Nf3 Nbd7 7. O-O e5 8. e4
exd4 9. Nxd4 Re8 10. h3 Nc5 11. Re1 h6 12. Kh2 h5 13. Nb3 Ne6 14. Be3 a5 15. Nd4
h4 16. g4 a4 17. Qd2 Nxd4 18. Bxd4 Be6 19. b3 c5 20. Be3 Nd7 21. Rad1 axb3 22.
axb3 Ra3 23. Nb5 Rxb3 24. Nxd6 Rf8 25. f4 Qb6 26. Qf2 g5 27. Nf5 Rb2 28. Rd2
Rxd2 29. Qxd2 Bxf5 30. exf5 gxf4 31. Bxf4 Rd8 32. Qf2 Qf6 33. Bxb7 Qc3 34. Bc7
Rf8 35. Bd5 Nf6 36. g5 Nxd5 37. cxd5 Bd4 38. Qe2 Ra8 39. Rb1 Be3 40. Rf1 Ra3 41.
g6 f6 42. Kh1 Qd4 43. Rd1 Qe4+ 44. Qg2 Qa4 45. Rf1 Ra2 46. Qf3 Qc2 47. Re1 c4
48. Rf1 c3 49. g7 Rb2 0-1

[Event "25th European Teams"]
[Site "Batumi GEO"]
[Date "2025.10.14"]
[Round "9.4"]
[Board "4"]
[White "Santos Latasa, Jaime"]
[Black "Gledura, Benjamin"]
[Result "1/2-1/2"]
[WhiteTitle "GM"]
[BlackTitle "GM"]
[WhiteElo "2609"]
[BlackElo "2643"]
[WhiteTeam "Spain"]
[BlackTeam "Hungary"]
[WhiteFideId "2293307"]
[BlackFideId "712779"]
[EventDate "2025.10.05"]

1. d4 Nf6 2. c4 g6 3. f3 c5 4. d5 d6 5. e4 e6 6. Bd3 Bg7 7. Ne2 O-O 8. O-O Nbd7
9. Nec3 Nh5 10. g4 Bd4+ 11. Kh1 Ng7 12. Nb5 Ne5 13. Be2 f5 14. Nxd4 cxd4 15.
Qxd4 fxg4 16. f4 Nf3 17. Bxf3 gxf3 18. dxe6 Nxe6 19. Qd5 Qh4 20. Be3 Bd7 21. Nc3
Qh3 22. Rf2 Bc6 23. Qd2 Qh4 24. Nd5 Rae8 25. Raf1 Ng7 26. Qd3 Qg4 27. Rxf3 Qe6
28. f5 Qxe4 29. Qxe4 Rxe4 30. fxg6 Rxf3 31. Rxf3 Ne8 32. gxh7+ Kxh7 33. b3 b5
34. Rh3+ Kg7 35. Kg1 bxc4 36. Nc3 Rg4+ 1/2-1/2

[Event "25th European Teams"]
[Site "Batumi GEO"]
[Date "2025.10.14"]
[Round "9.5"]
[Board "1"]
[White "Moroni, Luca Jr"]
[Black "Deac, Bogdan-Daniel"]
[Result "1/2-1/2"]
[WhiteTitle "GM"]
[BlackTitle "GM"]
[WhiteElo "2544"]
[BlackElo "2655"]
[WhiteTeam "Italy"]
[BlackTeam "Romania"]
[WhiteFideId "865834"]
[BlackFideId "1226380"]
[EventDate "2025.10.05"]

1. e4 c5 2. c3 e6 3. d4 d5 4. exd5 exd5 5. Nf3 a6 6. Be2 Nc6 7. O-O cxd4 8. cxd4
Bd6 9. Nc3 Nge7 10. Bg5 O-O 11. Re1 Be6 12. Bh4 Qb6 13. Qd2 Nf5 14. Rad1 Nxh4
15. Nxh4 Rfe8 16. Nf3 h6 17. h3 Rad8 18. Bd3 Qc7 19. a3 Bf8 20. Qc2 Qf4 21. Qd2
Bd6 22. Qxf4 Bxf4 23. g3 Bd6 24. Kg2 Na5 25. Rd2 Rc8 26. Rc2 Kf8 27. Ree2 b5 28.
Nd1 Nc4 29. Ne3 g6 30. Ng4 Kg7 31. Nge5 a5 32. Nd2 Bxe5 33. dxe5 d4 34. g4 Bd5+
35. Kg3 Nxb2 36. Rxb2 Rc3 37. Rxb5 Rxd3+ 38. f3 Re3 39. Rxe3 1/2-1/2

[Event "25th European Teams"]
[Site "Batumi GEO"]
[Date "2025.10.14"]
[Round "9.5"]
[Board "2"]
[White "Nisipeanu, Liviu-Dieter"]
[Black "Vocaturo, Daniele"]
[Result "1/2-1/2"]
[WhiteTitle "GM"]
[BlackTitle "GM"]
[WhiteElo "2577"]
[BlackElo "2563"]
[WhiteTeam "Romania"]
[BlackTeam "Italy"]
[WhiteFideId "1202758"]
[BlackFideId "813192"]
[EventDate "2025.10.05"]

1. e4 e5 2. Nf3 Nf6 3. d4 Nxe4 4. Bd3 d5 5. Nxe5 Bd6 6. O-O O-O 7. Nd2 Bxe5 8.
dxe5 Nc5 9. Nb3 Nxd3 10. Qxd3 b6 11. Qg3 Bf5 12. Nd4 Qd7 13. b4 Nc6 14. Bb2 Bg6
15. a3 Nxd4 16. Bxd4 Rac8 17. Qe3 Bxc2 18. Rac1 Bg6 19. Rc3 Rfe8 20. Qd2 Re6 21.
Rfc1 h6 22. h3 Kh7 23. Kh2 c6 24. f3 Rce8 25. Re3 Qe7 26. Qf2 f6 27. exf6 Qd6+
28. Kg1 Rxe3 29. Bxe3 Qxf6 30. Bd4 Qd6 31. Re1 Rxe1+ 32. Qxe1 c5 33. bxc5 bxc5
34. Qe5 Qf8 35. Bf2 d4 36. Bh4 Qc8 37. Bg3 Qd8 38. Qc7 Qd5 39. Qd6 Qc4 40. Be5
Qe2 41. Kh2 d3 42. Bc3 Qe8 1/2-1/2

[Event "25th European Teams"]
[Site "Batumi GEO"]
[Date "2025.10.14"]
[Round "9.5"]
[Board "3"]
[White "Lodici, Lorenzo"]
[Black "Lupulescu, Constantin"]
[Result "1/2-1/2"]
[WhiteTitle "GM"]
[BlackTitle "GM"]
[WhiteElo "2560"]
[BlackElo "2577"]
[WhiteTeam "Italy"]
[BlackTeam "Romania"]
[WhiteFideId "884189"]
[BlackFideId "1207822"]
[EventDate "2025.10.05"]

1. e4 c5 2. Nf3 e6 3. d4 cxd4 4. Nxd4 Nc6 5. Bf4 d6 6. Nxc6 bxc6 7. c4 e5 8. Be3
Nf6 9. Nc3 Ng4 10. Bc1 Qb6 11. Qc2 Be7 12. h3 Nf6 13. Be2 O-O 14. O-O Be6 15.
Be3 Qb7 16. Rfd1 Rab8 17. b3 Rfd8 18. Bf3 Rbc8 19. Qe2 Rd7 20. Rd3 h6 21. Rad1
Rcd8 22. Bg4 Nxg4 23. hxg4 Qc8 24. Bc1 Rc7 25. f3 Rcd7 26. g3 f6 27. Kg2 Bf8 28.
R1d2 Be7 29. Qd1 Qa6 30. Qc2 Qa5 31. Rd1 Qa6 32. Be3 Qc8 33. Qf2 Qb7 34. Qe2 Qc8
35. Kh2 Qa6 36. Qc2 Qc8 37. Qb2 Qb7 38. Qc1 Bf8 39. Kg2 Qa6 40. Qc2 Qc8 41. Qe2
Be7 42. Kf2 Bf8 43. R3d2 Be7 44. f4 Rc7 45. f5 Bf7 46. Rd3 Rcd7 47. R1d2 Kf8 48.
Kg2 Ke8 49. Qd1 Qb7 50. Kh3 Qc8 51. Bg1 Qb7 52. Be3 Qc8 53. Bf2 Qb7 54. Qf3 Qc8
55. Rd1 Qb7 56. R3d2 Qc8 57. Kh2 Qb7 58. Qe2 Qa6 59. Rb2 Rc8 60. Qd3 Rcd8 61.
Rbd2 Qb7 62. Be3 Qa6 63. Qe2 Bf8 64. Qg2 Qc8 65. Rd3 Qb7 66. Bc1 Qa6 67. Qf3 Be7
68. R1d2 Qa5 69. Bb2 Qb4 70. Qd1 Qa5 71. Kh3 Bf8 72. Qc1 Be7 73. Ba3 Bf8 74. Rc2
Be7 75. b4 Qc7 76. Nd1 Qb7 77. Ne3 d5 78. cxd5 cxd5 79. exd5 Bxd5 80. Rdc3 Be4
81. Rc7 Qb5 82. R2c4 Rxc7 83. Rxc7 Rd7 84. Rc4 Bb7 85. Qc3 1/2-1/2

[Event "25th European Teams"]
[Site "Batumi GEO"]
[Date "2025.10.14"]
[Round "9.5"]
[Board "4"]
[White "Gavrilescu, David"]
[Black "Sonis, Francesco"]
[Result "1-0"]
[WhiteTitle "GM"]
[BlackTitle "GM"]
[WhiteElo "2535"]
[BlackElo "2561"]
[WhiteTeam "Romania"]
[BlackTeam "Italy"]
[WhiteFideId "1227190"]
[BlackFideId "895733"]
[EventDate "2025.10.05"]

1. e4 c5 2. Nf3 d6 3. d4 Nf6 4. Nc3 cxd4 5. Nxd4 a6 6. Be3 e5 7. Nf3 Be7 8. Nd2
Nbd7 9. Nc4 Qc7 10. a4 b6 11. Be2 Bb7 12. f3 O-O 13. O-O Rab8 14. Bf2 Rfc8 15.
Ne3 Ra8 16. Bc4 Nc5 17. Bd5 Ne6 18. Bxb7 Qxb7 19. Nf5 Rcb8 20. Bh4 b5 21. axb5
axb5 22. Rxa8 Rxa8 23. Nd5 Nxd5 24. Qxd5 Qa7+ 25. Bf2 1-0

[Event "25th European Teams"]
[Site "Batumi GEO"]
[Date "2025.10.14"]
[Round "9.6"]
[Board "1"]
[White "Petriashvili, Nikoloz"]
[Black "Hovhannisyan, Robert"]
[Result "1-0"]
[WhiteTitle "IM"]
[BlackTitle "GM"]
[WhiteElo "2489"]
[BlackElo "2633"]
[WhiteTeam "Georgia 2"]
[BlackTeam "Armenia"]
[WhiteFideId "13611216"]
[BlackFideId "13302507"]
[EventDate "2025.10.05"]

1. c4 e6 2. Nf3 d5 3. e3 Nf6 4. b3 c5 5. cxd5 exd5 6. Bb2 Nc6 7. Bb5 Bd6 8. Bxf6
Qxf6 9. Nc3 Be6 10. e4 a6 11. exd5 Bxd5 12. Nxd5 Qe6+ 13. Be2 Qxd5 14. O-O O-O
15. Qc2 Rad8 16. Rad1 Qh5 17. h3 Nb4 18. Qb1 Nd5 19. Rde1 Nf4 20. Bd1 f5 21. Re3
Qg6 22. Ne1 Rfe8 23. Kh1 Qf6 24. Bf3 b5 25. Nd3 Nxd3 26. Qxd3 Bf8 27. Qe2 Re7
28. Re1 Rxe3 29. dxe3 Qd6 30. e4 fxe4 31. Qxe4 Qf6 32. g3 Kh8 33. Kg2 g6 34. h4
Bg7 35. h5 g5 36. Qg4 h6 37. Re6 Qd4 38. Rxa6 Qxg4 39. Bxg4 Kg8 40. a4 bxa4 41.
bxa4 Rd2 42. a5 Bd4 43. Rxh6 c4 44. Be6+ Kf8 45. Bxc4 g4 46. Rd6 Ke7 47. Re6+ 1-0

[Event "25th European Teams"]
[Site "Batumi GEO"]
[Date "2025.10.14"]
[Round "9.6"]
[Board "2"]
[White "Martirosyan, Haik M."]
[Black "Tutisani, Noe"]
[Result "0-1"]
[WhiteTitle "GM"]
[BlackTitle "IM"]
[WhiteElo "2626"]
[BlackElo "2424"]
[WhiteTeam "Armenia"]
[BlackTeam "Georgia 2"]
[WhiteFideId "13306553"]
[BlackFideId "13602853"]
[EventDate "2025.10.05"]

1. d4 Nf6 2. c4 g6 3. Nc3 d5 4. Nf3 Bg7 5. Qb3 dxc4 6. Qxc4 O-O 7. e4 a6 8. e5
b5 9. Qb3 Nfd7 10. Be3 c5 11. e6 c4 12. exf7+ Rxf7 13. Qd1 Nb6 14. a4 Bg4 15.
Be2 b4 16. Ne4 Nc6 17. Neg5 Rf6 18. h3 Bxf3 19. Nxf3 Rc8 20. a5 Nd5 21. Bxc4
Nxa5 22. Ba2 b3 23. Bxb3 Nxb3 24. Qxb3 Rb6 25. Qa3 Rc2 26. O-O Rcxb2 27. Rfe1
Qd6 28. Qd3 R2b3 29. Qd1 Nxe3 30. Rxe3 Rxe3 31. fxe3 Qe6 32. Ra3 Bh6 33. Qd3 a5
34. Ne5 a4 35. Ng4 Bg5 36. d5 Qf5 37. e4 Qf4 38. Ra1 Rb4 39. Qa6 Qxe4 40. Qc8+
Kg7 41. Rf1 Bf4 42. d6 Qd4+ 43. Kh1 Qd3 44. Rg1 Bxd6 45. Qc1 Rxg4 46. hxg4 Qg3
47. Qc3+ Qxc3 48. Rd1 a3 49. g5 Qg3 50. Kg1 Bc5+ 51. Rd4 Bxd4+ 52. Kh1 Qh4# 0-1

[Event "25th European Teams"]
[Site "Batumi GEO"]
[Date "2025.10.14"]
[Round "9.6"]
[Board "3"]
[White "Quparadze, Giga"]
[Black "Sargissian, Gabriel"]
[Result "1/2-1/2"]
[WhiteTitle "GM"]
[BlackTitle "GM"]
[WhiteElo "2493"]
[BlackElo "2624"]
[WhiteTeam "Georgia 2"]
[BlackTeam "Armenia"]
[WhiteFideId "13602250"]
[BlackFideId "13300881"]
[EventDate "2025.10.05"]

1. e4 e5 2. Nf3 Nc6 3. Bb5 a6 4. Ba4 Nf6 5. O-O Be7 6. Re1 b5 7. Bb3 O-O 8. d3
d6 9. c3 h6 10. Nbd2 Re8 11. Nf1 Bf8 12. Ng3 Na5 13. Bc2 c5 14. h3 Nc6 15. d4
cxd4 16. cxd4 exd4 17. Nxd4 Nxd4 18. Qxd4 Be6 19. Bd2 Rc8 20. Bc3 d5 21. e5 b4
22. exf6 bxc3 23. bxc3 Rc4 24. Qd3 g6 25. Bb3 Rf4 26. Bxd5 Bc5 27. Ne4 Qxd5 28.
Qxd5 Bxd5 29. Nxc5 Rxe1+ 30. Rxe1 Rxf6 31. Re2 Rc6 32. Na4 1/2-1/2

[Event "25th European Teams"]
[Site "Batumi GEO"]
[Date "2025.10.14"]
[Round "9.6"]
[Board "4"]
[White "Hakobyan, Aram"]
[Black "Akhvlediani, Irakli"]
[Result "1-0"]
[WhiteTitle "GM"]
[BlackTitle "IM"]
[WhiteElo "2624"]
[BlackElo "2436"]
[WhiteTeam "Armenia"]
[BlackTeam "Georgia 2"]
[WhiteFideId "13306677"]
[BlackFideId "13601938"]
[EventDate "2025.10.05"]

1. d4 Nf6 2. c4 e6 3. Nc3 Bb4 4. e3 O-O 5. Bd3 c5 6. Ne2 cxd4 7. exd4 d5 8. cxd5
Qxd5 9. O-O Qh5 10. Ne4 Nxe4 11. Bxe4 Nc6 12. Bf4 Rd8 13. Bf3 Qh4 14. Qb3 Bd6
15. Bxd6 Rxd6 16. Rac1 Qd8 17. Rfd1 Ne7 18. Nc3 Nd5 19. Nxd5 exd5 20. Rc5 Be6
21. Rdc1 h6 22. Rc7 Rb6 23. Qc3 Rb8 24. b3 Ra6 25. Rc2 Bf5 26. Re2 Re6 27. Rxe6
Bxe6 28. h3 Qd6 29. h4 Qa3 30. Qd2 Qd6 31. Qc3 Qa3 32. Qd2 Qd6 33. Qc1 a5 34. g3
b6 35. Kg2 Bd7 36. h5 Re8 37. Qf4 Qe6 38. Rc1 Bb5 39. Kh2 Bd3 40. Rc7 Bf5 41.
Rb7 Be4 42. Bg4 f5 43. Be2 Qf6 44. Bb5 Rf8 45. f3 Bb1 46. a3 Bc2 47. b4 axb4 48.
axb4 Bb3 49. Bd7 Bc4 50. Rb8 Bd3 51. Rxf8+ Qxf8 52. Qe3 Bc4 53. Qe6+ Kh8 54.
Qxb6 f4 55. Qc5 fxg3+ 56. Kxg3 Qb8+ 57. Kg4 Kg8 58. Be6+ Kh7 59. Qc8 Qxc8 60.
Bxc8 g6 61. Bd7 gxh5+ 62. Kxh5 Be2 63. b5 Bxf3+ 64. Bg4 1-0

[Event "25th European Teams"]
[Site "Batumi GEO"]
[Date "2025.10.14"]
[Round "9.7"]
[Board "1"]
[White "Gurel, Ediz"]
[Black "Theodorou, Nikolas"]
[Result "1-0"]
[WhiteTitle "GM"]
[BlackTitle "GM"]
[WhiteElo "2634"]
[BlackElo "2652"]
[WhiteTeam "Turkiye"]
[BlackTeam "Greece"]
[WhiteFideId "44507356"]
[BlackFideId "4262875"]
[EventDate "2025.10.05"]

1. e4 c5 2. Nf3 d6 3. d4 cxd4 4. Nxd4 Nf6 5. Nc3 Nc6 6. Bg5 g6 7. Bxf6 exf6 8.
Bc4 Bg7 9. O-O O-O 10. Ndb5 f5 11. Nxd6 Ne5 12. Bb3 f4 13. Nxc8 Rxc8 14. Qxd8
Rfxd8 15. Nd5 Kf8 16. f3 Nc4 17. Bxc4 Bd4+ 18. Kh1 Rxc4 19. c3 Be5 20. Rfd1 g5
21. Kg1 Rd6 22. Nb4 a5 23. Rxd6 Bxd6 24. Nd5 Rc6 25. Kf2 Bb8 26. Ke2 Re6 27. Kd3
h5 28. h3 Kg7 29. a4 Kg6 30. Re1 Re8 31. b4 axb4 32. cxb4 Rd8 33. a5 f5 34. Kc4
fxe4 35. Rxe4 Bd6 36. Re6+ Kf7 37. Re2 Rc8+ 38. Kb5 Rc1 39. Nb6 Rb1 40. Nd5 Rd1
41. Nc3 Rd4 42. Re4 Rd2 43. Kb6 Rxg2 44. Nb5 1-0

[Event "25th European Teams"]
[Site "Batumi GEO"]
[Date "2025.10.14"]
[Round "9.7"]
[Board "2"]
[White "Kourkoulos-Arditis, Stamatis"]
[Black "Yilmaz, Mustafa"]
[Result "1-0"]
[WhiteTitle "GM"]
[BlackTitle "GM"]
[WhiteElo "2583"]
[BlackElo "2591"]
[WhiteTeam "Greece"]
[BlackTeam "Turkiye"]
[WhiteFideId "4221990"]
[BlackFideId "6302718"]
[EventDate "2025.10.05"]

1. e4 e5 2. Nf3 Nc6 3. Bc4 Bc5 4. d3 Nf6 5. O-O d6 6. c3 a5 7. Re1 O-O 8. h3 Be6
9. Bb5 Ba7 10. Nbd2 Ne7 11. Nf1 Ng6 12. d4 exd4 13. cxd4 d5 14. e5 Ne4 15. Ng3
c5 16. Nxe4 dxe4 17. Ng5 Bf5 18. Nxh7 cxd4 19. Qh5 Ne7 20. Nxf8 Qxf8 21. Bg5 Nc6
22. Bxc6 bxc6 23. Qh4 Re8 24. Rxe4 Bxe4 25. Qxe4 Qb4 26. b3 d3 27. Qxd3 Rxe5 28.
Qd8+ Kh7 29. Bd2 Qb5 30. Re1 Re2 31. Qh4+ Kg8 32. Qd8+ Kh7 33. Qh4+ Kg8 34. Rxe2
Qxe2 35. Qf4 Bc5 36. g3 Bb4 37. Bxb4 axb4 38. Qb8+ Kh7 39. Qxb4 Qxa2 40. Qc4 Kg8
41. h4 g6 42. Kg2 Qb2 43. b4 Qb1 44. Qd4 Qe1 45. Kf3 Qe7 46. Qc5 Qe6 47. Kf4 Kh7
48. h5 Qf6+ 49. Ke4 Qe6+ 50. Kf3 Qf6+ 51. Ke3 Qe6+ 52. Kd2 Qa2+ 53. Kd1 Qb3+ 54.
Ke2 Qe6+ 55. Kf1 Qe4 56. hxg6+ Kxg6 57. Qc3 f6 58. f3 Qe6 59. g4 Kf7 60. Qc5 Qa2
61. Qd4 Qc2 62. Ke1 Qa2 63. Qd2 Qa1+ 64. Kf2 Qa7+ 65. Kg2 Qe7 66. Qa2+ Kg7 67.
Qc4 Qe3 68. Qe4 Qd2+ 69. Kg3 Qc1 70. Qd4 Kf7 71. Kf2 Kg7 72. Ke2 Kf7 73. Qd7+
Kg6 74. Qd2 Qa1 75. Kd3 Qe5 76. Kc4 Qb5+ 77. Kb3 Kg7 78. Qd7+ Kg6 79. Qd4 Qb7
80. Qe4+ Kg7 81. f4 Qd7 82. f5 Qd1+ 83. Kc4 Qc1+ 84. Kd4 Qg1+ 85. Kc4 Qc1+ 86.
Kd4 Qg1+ 87. Kc3 Qa1+ 88. Kb3 Qd1+ 89. Qc2 Qxg4 90. Qxc6 Qxf5 91. b5 Qb1+ 92.
Kc4 Qa2+ 93. Kc5 Qa3+ 94. Kd5 Qd3+ 95. Ke6 Qh3+ 96. Ke7 Qe3+ 97. Kd8 f5 98. b6
Kf7 99. b7 Qg5+ 100. Kd7 Qf4 101. Qc7 Qa4+ 102. Kd8+ Kf8 103. Qe7+ 1-0

[Event "25th European Teams"]
[Site "Batumi GEO"]
[Date "2025.10.14"]
[Round "9.7"]
[Board "3"]
[White "Can, Emre"]
[Black "Mastrovasilis, Dimitrios"]
[Result "1/2-1/2"]
[WhiteTitle "GM"]
[BlackTitle "GM"]
[WhiteElo "2552"]
[BlackElo "2522"]
[WhiteTeam "Turkiye"]
[BlackTeam "Greece"]
[WhiteFideId "6302181"]
[BlackFideId "4202694"]
[EventDate "2025.10.05"]

1. e4 e5 2. Nf3 Nf6 3. Nxe5 d6 4. Nf3 Nxe4 5. c4 Nc6 6. d3 Nf6 7. d4 Bg4 8. Be3
g6 9. Be2 Bg7 10. Nc3 d5 11. h3 Bxf3 12. Bxf3 dxc4 13. Qa4 O-O 14. Bxc6 bxc6 15.
Qxc6 Ne8 16. Nb5 Nd6 17. Nxd6 cxd6 18. Qxc4 Qa5+ 19. b4 Qb6 20. O-O Rac8 21. Qd5
Qxb4 22. Rab1 Qc4 23. Qxd6 Qxa2 24. Ra1 Qe6 25. Qxe6 fxe6 26. Rxa7 Ra8 27. Rc7
Rfc8 28. Rc5 Rd8 29. Rb1 Rab8 30. Rxb8 Rxb8 31. g4 Rd8 32. Rc4 e5 33. dxe5 Bxe5
34. Kg2 Rd7 35. Ra4 Kf7 36. Ra5 Bc3 37. Rb5 Bd2 38. h4 Bc3 39. Kf3 Re7 40. h5
Bf6 41. Bf4 Ra7 42. Bd6 Rd7 43. Rb6 Ra7 44. Rb8 gxh5 45. gxh5 Ra5 46. h6 Bg5 47.
Bb4 Ra6 48. Rb7+ Kg6 49. Kg4 Rf6 50. Rg7+ Kxh6 51. Rxg5 Rf4+ 52. Kxf4 1/2-1/2